00000000cas 2200000zi 4500
0019.908395
003CaOODSP
00520260521095042
006m     o  d f      
007cr cn ||||||||
008220222d20212021oncar p o    f0###a0eng|d
020 |z9780660413754
022 |a2816-3044
040 |aCaOODSP|beng|erda|cCaOODSP
043 |an-cn---|an-cn-nu|an-cn-qu
0861 |aFs74-6E-PDF|zFs72-3/22-2022E-PDF
222 0|aSailing directions. ARC 401, Hudson Strait, Hudson Bay and adjoining waters |b(Online)
24500|aSailing directions. |nARC 401, |pHudson Strait, Hudson Bay and adjoining waters.
24630|aHudson Strait, Hudson Bay and adjoining waters
264 1|aOttawa, Ontario, Canada : |bCanadian Hydrographic Service, Fisheries and Oceans Canada = Service hydrographique du Canada, Pêches et océans Canada, |c-[2022]
310 |aAnnual
336 |atext|btxt|2rdacontent
337 |acomputer|bc|2rdamedia
338 |aonline resource|bcr|2rdacarrier
3621 |aBegan with: Corrected to 2021/12.
500 |aIssued also in French under title: Instructions nautiques. Détroit d'Hudson, baie d'Hudson et eaux limitrophes.
588 |aDescription based on: Corrected to 2021/12.
588 |aLatest issue consulted: Corrected to 2021/12.
650 0|aNavigation|zHudson Strait (Québec and Nunavut)|vPeriodicals.
650 0|aNavigation|zHudson Bay|vPeriodicals.
655 7|aPeriodicals|2lcgft
7102 |aCanadian Hydrographic Service, |eissuing body.
77508|tInstructions nautiques. |w(CaOODSP)9.908396
78500|tCanadian sailing directions. |w(CaOODSP)9.909841